1388 1411 1590 1439 1706 1389 1510 1172 1152 1788 1207 1315 1352 1989 1555 1229 1843 1696 1427 1857 1384 1849 1044 1714 1704 1788 1389 1848 1058 1684 1591 1556 1554 1867 1387 1115 1968 1664 1985 1209 1880 1600 1100 1010 1283 1772 1608 1308 1580 1143 1898 1738 1222 1879 1780 1895 1085 1929 1942 1344 1633 1099 1445 1403 1583 1992 1806 1346 1130 1234 1312 1570 1623 1583 1438 1791 1043 1312 1298 1513 1263 1362 1233 1095 1933 1274 1458 1643 1344 1647 1152 1854 1327 1684 1883 1506 1701 1213 1576 BCNSPRNW ULIB Ver.6.0+V

เปลี่ยนเป็นภาษาไทย

Change to English
 แสดงรายละเอียดบรรณานุกรม
  กลับหน้าหลัก

Brief Record : Get Marc (ISO 2709) : E-mail record : QR code < ปิดหน้าต่าง
LEADER : 00000nam 2200000uu 4500
001    13399128660
003     ULIB
008    230928s||||||||th 000 0 tha d
020    ^a9786163812773
060    ^aWS440^bท521น
110    ^aทีมวิชาการ Life Balance
245    ^aนิทานสร้างเสริมสุขนิสัยเล่มแรกของหนู หนูดีกินอาหารครบ 5 หมู่
250    ^aพิมพ์ครั้งที่ 1
260    ^aกรุงเทพฯ :^bLife Balance,^cม.ป.ป.
300    ^a24 หน้า;^c19 ซม.
650    ^aนิทานเด็ก
650    ^aเด็ก-พัฒนาการ
945    ^p49^l0^i30022
999    ^aกัณชพร จุลอักษร
รายการนี้ยังไม่มีแท็ก
คุณยังไม่ได้ล็อกอิน คุณสามารถมีกิจกรรมร่วมกับเว็บไซต์ได้ แต่ต้องล็อกอินก่อน ::
  ล็อกอิน

รายการสื่อสารสนเทศ

ลำดับที่ ประเภท เลขเรียก/บาร์โค้ด สถานที่ สถานะ
1. วิทยาศาสตร์การแพทย์ และสุขภาพ
วิทยาศาสตร์การแพทย์ และสุขภาพ
WS440 ท521น ฉ.1 
  Barcode: 30022
ห้องสมุดวิทยาเขตนครสวรรค์
►หนังสือทั่วไป:l:General Books
บนชั้น

รายการใกล้เคียง
    ชื่อเรื่อง [นิทานสร้างเสริมสุขนิสัยเล่มแรกของหนู หนูดีกินอาหารครบ 5 หมู่]

    หัวเรื่อง [นิทานเด็ก]
    หัวเรื่อง [เด็ก-พัฒนาการ]

BibComment


ยังไม่เคยถูกคอมเมนท์

คอมเมนท์ทรัพยากรรายการนี้
  คอมเมนท์: นิทานสร้างเสริมส..


 Copyright 2026. Bcnsprnw @Library